Frasi celebri - parte 1 - Statistics

Statistiche generali
  • Questo quiz è stato fatto 276 volte
  • Il punteggio medio è 5 su 10
Statistiche sulle risposte
Frase Personaggio % Corretto
Il dado è tratto (Alea iacta est) Giulio Cesare
97%
Io ho un sogno (I have a dream) Martin Luther King
83%
Un piccolo passo per un uomo, ma un grande passo per l'umanità Neil Armstrong
80%
So di non sapere Socrate
72%
Obbedisco Giuseppe Garibaldi
52%
Io sono un berlinese (Ich bin ein berliner) John Fitzgerald Kennedy
31%
Sii il cambiamento che vuoi vedere nel mondo Mahatma Gandhi
29%
Parigi val bene una messa Enrico IV di Navarra, re di Francia
15%
Un imperatore romano deve morire in piedi Tito Flavio Vespasiano
8%
Dio lo vuole (Deus vult) Papa Urbano II
5%
Nessun quiz corrispondente trovato
Distribuzione punteggi
Percentuale di utenti per punteggio
Percentile per numero di risposta
I tuoi punteggi nel tempo
Non hai fatto questo quiz